000 00605nam a22002057a 4500
005 20251108175200.0
008 250721s2000 xx 000 0 ara d
082 1 4 _aط/210.4/عرا
100 1 _aعرابي، منصور
245 1 0 _aالشقيقتان : اليد و الرجل /
264 1 _aالقاهرة :
_bاطفالنا،
_c2000.
490 0 _aنعم الله
650 1 7 _aالاطفال
650 1 7 _aالاسلام
650 1 7 _aخلق الانسان
653 _aناشئون صغار (10-14) سنة
653 _aاليد و الارجل
942 _2ddc
_cBK
999 _c128113
_d128113